Diagnóstico del sistema organizacional informático de Correos de Nicaragua, Sucursal Managua

El presente trabajo tiene como objetivo mejorar la atención a los clientes el área de servicios sobre el uso del sistema control de transporte de Correos de Nicaragua, se realizó un enfoque de sistemas a la institución, análisis de las de las etapas de control de transporte, estudio de factibil...

Full description

Bibliographic Details
Main Authors: Román Román, Manuel de Jesús, Vargas Saavedra, Edgar Martín
Other Authors: Tutor: Vargas Avilés, Julio Rito
Format: Tesis Section = Libro
Language:Undetermined
Spanish
Published: Managua UNI 2003
Subjects:
LEADER 01249nam a2200229Ia 4500
008 240830s9999 xx 000 0 und d
040 |a BIBLIOTECA-RUPAP Mon 658.402 R758 
041 |a spa 
082 |a Mon 658.402 R758 
100 1 |a Román Román, Manuel de Jesús 
100 1 |b Vargas Saavedra, Edgar Martín 
245 1 0 |a Diagnóstico del sistema organizacional informático de Correos de Nicaragua, Sucursal Managua 
260 |a Managua  |b UNI  |c 2003 
300 |a 98 p. :il. 
500 |a Contiene: anexos. 
502 |a Tesis (Ingeniero de Sistemas)- UNI, 2003. 
520 3 |a El presente trabajo tiene como objetivo mejorar la atención a los clientes el área de servicios sobre el uso del sistema control de transporte de Correos de Nicaragua, se realizó un enfoque de sistemas a la institución, análisis de las de las etapas de control de transporte, estudio de factibilidad, requerimiento del sistema, análisis del sistema, diseño del sistema, desarrollo y documentación del software, prueba y mantenimiento del sistema, implementación, recursos humanos del sistema. 
650 7 |a ORGANIZACIÓN INTERNA ADMINISTRATIVA 
700 1 |a Tutor:  |b Vargas Avilés, Julio Rito 
942 |c BK  |2 ddc 
991 |a TESIS 
999 |c 17287